Statistiques concernant Répliques de films

Cliquez ici pour prendre le quiz!

Statistiques générales

  • Ce quiz a été pris 186 fois
  • Le résultat moyen est 3 sur 15

Statistiques - réponses

Réplique Film % Correct
Souviens-toi, de grands pouvoirs impliquent de grandes responsabilités.Spider-man
63%
Toujours par deux ils vont. Ni plus ni moins. Le maître et son apprenti.Star wars
59%
Touche pas au grisbi, salope !Les tontons flingueurs
41%
-Dis donc toi ! Tu sais que tu as la tête de quelqu'un qui vaut 2000$ ? - Oui, mais toi tu n'as pas la tête de celui qui les encaissera.Le bon, la brute et le truand
38%
Nous, on fait dans le massacre de Nazis et crois moi, ces derniers temps l’activité est en plein boom !Inglourious basterds
25%
Si tu savais comme moi te servir d'une savonnette, ta serviette aurait pas l'air d'un Tampax !Pulp fiction
21%
Avec le canon d’un flingue entre les dents, on ne prononce que les voyelles.Fight club
21%
Oyé sapapaya, ça vous dirait un ice cream avec mon ami et moi ?Scarface
9%
Je me suis soudain rappelé Charlemagne, « Laissez mes armées être les rochers et les arbres, et les oiseaux dans le ciel. »Indiana Jones et la derniere croisade
6%
J'ai grandi dans un quartier mal famé et on disait toujours : "T'arrives plus facilement à tes fins avec un mot gentil et un flingue qu'avec le mot gentil tout seul."Les Incorruptibles
5%
Le seul moyen d’allonger la vie, c’est d’essayer de ne pas la raccourcir.Mon nom est personne
5%
- Eh eh, pour moi ce serait du à l'ail, tu vois ? Demande-lui du à l'ail....C'est pas du à l'ail.Mais où est donc passee la septieme compagnie?
5%
Deux intellectuels assis vont moins loin qu’une brute qui marche.Un taxi pour Tobrouk
3%
Oh tu sais, quand les types de 130 kilos disent certaines choses, ceux de 60 kilos les écoutent.Cent mille dollars au soleil
3%
-T'es tellement saoul que tu tiens à peine ton arme. J'parie qu'imbibé comme t'es, tu m'vois double. -Mais j'ai deux colts, alors je t'aurai tous les deux.Tombstone
1%

Distribution des résultats

Percentile par nombre de réponses

% des personnes avec chaque résultat

Votre développement - résultats

Vous n’avez pas pris ce quiz